Responses for show #2059 - Thursday, July 15, 1993

1993 Seniors Tournament quarterfinal game 4.

Contestants

[<< previous game]

Bob McClary, a retired photographer from San Francisco, California

David Chasman, a retired film executive from Beverly Hills, California

Barbara Broerman, a physician from Minneapolis, Minnesota

[next game >>]

Jeopardy! Round responses

SCIENCE
GOLDEN OLDIES
FURNITURE
DANCE
POTENT POTABLES
FILE UNDER "F"
    $100 6
(Barbara: What is chalk?)
(Bob: What is china?)

clay

BarbaraDavidBob
    $100 11
Pat Boone

David
    $100 14
canopy

David
    $100 1
foxtrot

Barbara
    $100 20
tequila

Bob
    $100 25
Frankfurt

David
    $200 7
Jupiter

Bob
    $200 12
Elvis

Barbara
    $200 15
secretary

Barbara
    $200 2
waltz

Bob
    $200 21
vermouth

Bob
    $200 26
farsightedness

Barbara
    $300 8
decibel

David
    $300 13
"The Book of Love"

Triple Stumper
    $300 16
credenza

Barbara
    $300 3
Africa

Barbara
    $300 22
orange

Barbara
    $300 27
foolproof

Bob
    $400 9
diaphragm

Barbara
    $400 19
(Bob: What's the Tallahassee Bridge?)
[ERRATUM: The title of the song is "Ode to Billie Joe" and Billie is spelled with the "ie" ending.]

Tallahatchie

BarbaraBob
    $400 17
(Barbara: Um...)
(Alex: Hurry!)

Spain

BarbaraDavid
    $400 4
Mexico

David
    $400 23
sherry

Barbara
    $500 28
"Fifty-four forty or fight!"

Bob
    $500 10
(Bob: What is water?)

soil

DavidBob
    $500 30
"El Paso"

Bob
    $500 18
Queen Anne

David
    $500 5
big apple

Barbara
    $500 24
(David: What is White Rock water?)

rock candy

David
Triple Stumper
    $500 29
future shock

David

Scores at the first commercial break (after clue 15):

Barbara David Bob
$1,600 $1,500 -$200

Scores at the end of the Jeopardy! Round:

Barbara David Bob
$2,800 $2,500 $1,000

Double Jeopardy! Round responses

WRITERS
CIVIL WAR NICKNAMES
ASIAN CAPITALS
VOCABULARY
NUTRITION
POISONED
    $200 1
Stephen King

David
    $200 22
Jackson

Barbara
    $200 6
Beijing

Barbara
    $200 11
flowers

David
    $200 21
fatty acid

Bob
    $200 16
asp

Barbara
    $400 2
Alfred Hitchcock

Bob
    $400 23
Wild Bill Hickok

Bob
    $400 7
Seoul

Barbara
    $400 12
and

Bob
    $400 27
cholesterol

Barbara
    $400 17
Achilles

Barbara
    $600 3
Edna Ferber

Bob
    $600 24
Gray

Barbara
    $600 8
New Delhi

Barbara
    $600 13
effervescent

Bob
    $600 28
D

Bob
    $600 18
Persia

Bob
    $800 4
(Bob: Who is John Fowler?)
(Barbara: [*], who is [*]?)

John Fowles

BarbaraBob
    $800 25
Flea

David
    $800 9
Ulan Bator

Barbara
    $800 14
serenade

Barbara
    $800 29
iron

Bob
    $800 19
Norway

Barbara
    $1000 5
Tony Hillerman

Triple Stumper
    $1000 26
Quantrill

Bob
    $3,000 10
Bangkok

Barbara
    $1000 15
(David: What is carrion?)
(Barbara: What is a vulture?)

scavenger

BarbaraDavidBob
    $2,000 30
amino acids

Bob
    $1000 20
Rasputin

Barbara

Scores at the end of the Double Jeopardy! Round:

Barbara David Bob
$12,000 $2,700 $8,800

Final Jeopardy! Round responses

THEATRES
DavidWhat is the Hippodrome?
$2,700
BobWhat is the Ziegfeld Theatre?
$0
BarbaraWhat is Madison Sq. Garden
$3,000
Radio City Music Hall

Final scores:

Barbara David Bob
$9,000 $0 $8,800
Automatic semifinalist 3rd place: $1,000 if eliminated 2nd place: $1,000 if eliminated

Game dynamics:

Coryat scores:

Barbara David Bob
$10,000 $2,700 $7,700
25 R
(including 1 DD),
3 W
13 R,
2 W
19 R
(including 2 DDs),
4 W

Combined Coryat: $20,400

The J! Archive is created by fans, for fans. Scraping, republication, monetization, and malicious use prohibited; this site may use cookies and collect identifying information. See terms. The Jeopardy! game show and all elements thereof, including but not limited to copyright and trademark thereto, are the property of Jeopardy Productions, Inc. and are protected under law. This website is not affiliated with, sponsored by, or operated by Jeopardy Productions, Inc. Join the discussion at JBoard.tv.